Che guevara para principiantes /

Guardado en:
Autor Principal: Sinay, Sergio
Otros Autores: Scenna, Miguel Angel
Formato: Libro
Publicado: Buenos Aires : Era naciente, 1996
Series:Documentales ilustrados, no. 16
Materias:
Etiquetas: Agregar Etiqueta
Sin Etiquetas, Sea el primero en etiquetar este registro!
LEADER 00616nam a22002055a 4500
001 CEM.cems009758
005 20060214000000.0
008 130507s1996##################000#0#####d
003 CEMS
020 |a 9879065271 
082 0 4 |a 923 
100 1 |a Sinay, Sergio 
245 1 0 |a Che guevara para principiantes /  |c Sergio Sinay y Miguel Angel Scenna 
260 |a Buenos Aires :  |b Era naciente,  |c 1996 
300 |a 176 p. 
490 0 |a Documentales ilustrados, no. 16 
653 |a Biografías 
653 |a Che guevara biografía 
700 1 |a Scenna, Miguel Angel 
859 |a CEMS  |b BIB. CEMS - 11 de abril  |h 923  |i G939si  |p 20060.98  |t Ej.1